书目信息 |
| 题名: |
循环经济和生态工业规划汇编
|
|
| 作者: | ;国家环境保护总局 编 | |
| 分册: | ||
| 出版信息: | 北京 化学工业出版社 2004 |
|
| 页数: | 52,251页 | |
| 开本: | 24cm | |
| 丛书名: | ||
| 单 册: | ||
| 中图分类: | X322.2 | |
| 科图分类: | ||
| 主题词: | 工业区--生态环境--环境规划--中国 , 工业区 , 生态环境 , 环境规划 | |
| 电子资源: | ||
| ISBN: | 7-5025-5259-6 | |
| 000 | 01011nam0 2200265 450 | |
| 001 | 002679808 | |
| 005 | 20070805151010.20 | |
| 010 | @a7-5025-5259-6@dCNY46.00 | |
| 100 | @a20040712e20052004em y0chiy0110 ea | |
| 101 | 0 | @achi |
| 102 | @aCN@b110000 | |
| 105 | @ay z 000yy | |
| 106 | @ar | |
| 200 | 1 | @a循环经济和生态工业规划汇编@Axun huan jing ji he sheng tai gong ye gui hua hui bian@f国家环境保护总局科技标准司编@Fguo jia huan jing bao hu zong ju ke ji biao zhun si bian |
| 210 | @a北京@c化学工业出版社@d2004@h2005重印 | |
| 215 | @a52,251页@d24cm | |
| 330 | @a本书共分8章,分别介绍了贵港国家生态工业园区建设规划、南海国家生态工业示范园区建设规划、辽宁省发展循环经济试点及实施方案、包头国家生态工业示范园区建设规划等内容。 | |
| 606 | 0 | @a工业区@x生态环境@x环境规划@y中国 |
| 606 | 0 | @a工业区 |
| 606 | 0 | @a生态环境 |
| 606 | 0 | @a环境规划 |
| 690 | @aX322.2@v4 | |
| 711 | 02 | @a国家环境保护总局@Aguo jia huan jing bao hu zong ju@b科技标准司@4编 |
| 801 | 0 | @aCN@bNLC@c20070805 |
| 905 | @dX322.2@e124@f5 | |
| 循环经济和生态工业规划汇编/国家环境保护总局科技标准司编.-北京:化学工业出版社,2004(2005重印) |
| 52,251页;24cm |
| ISBN 7-5025-5259-6:CNY46.00 |
| 本书共分8章,分别介绍了贵港国家生态工业园区建设规划、南海国家生态工业示范园区建设规划、辽宁省发展循环经济试点及实施方案、包头国家生态工业示范园区建设规划等内容。 |
| ● |
| 相关链接 |
|
|
|
|
正题名:循环经济和生态工业规划汇编
索取号:X322.2/124
 
预约/预借
| 序号 | 登录号 | 条形码 | 馆藏地/架位号 | 状态 | 备注 |
| 1 | 0851119 | 208511190 | 第二样本阅览室/ [索取号:X322.2/124] | 在馆 | |
| 2 | 0851120 | 208511207 | 第三借阅区/ [索取号:X322.2/124] | 在馆 | |
| 3 | 0851121 | 208511216 | 第三借阅区/ [索取号:X322.2/124] | 在馆 | |
| 4 | 0851122 | 208511225 | 第三借阅区/ [索取号:X322.2/124] | 在馆 | |
| 5 | 0851123 | 208511234 | 第三借阅区/ [索取号:X322.2/124] | 在馆 |